| 000 | 01186nam a22003377a 4500 | ||
|---|---|---|---|
| 003 | CHAP | ||
| 005 | 20220329133840.0 | ||
| 008 | 971013s1969 r 00010 d | ||
| 010 | _a11760 | ||
| 011 | _a12732 | ||
| 035 | _a16252 | ||
| 040 | _cCHAP | ||
| 090 | _aTesis | ||
| 100 | 0 | 0 |
_aSangri Namur, Luis. _9102218 |
| 245 | _aPlaneación de las operaciones de exportación en la Unidad Industrial de Explotación Forestal Silvicultora Industrial | ||
| 260 |
_aChapingo, Méx. : _bEl autor, _c1969 |
||
| 300 | _a49 h. ilus. | ||
| 502 | _aTesis (Ing. Agr. Esp. en Bosques) -- ENA. Departamento de Bosques | ||
| 590 |
_aALEPH _b10 _c20130110 _lUCH01 _h1229 |
||
| 590 |
_aBATCH-UPD _b10 _c20130110 _lUCH01 _h1744 |
||
| 590 |
_aBATCH-UPD _b10 _c20130410 _lUCH01 _h1123 |
||
| 590 |
_aBATCH-UPD _b10 _c20130914 _lUCH01 _h0708 |
||
| 590 |
_aCONVERSION _b10 _c20130109 _lUCH01 _h1308 |
||
| 650 | 1 | 4 |
_aBosques _xExtracción. _914174 |
| 650 | 1 | 4 |
_aIndustrias forestales. _957979 |
| 710 | 0 |
_aUnidad Industrial de Explotación Forestal Silvicultura Industrial. _9116192 |
|
| 901 | _aBK | ||
| 942 | _cTESIS | ||
| 949 |
_bBC _cTES _d-153751 _eTS1 _i16252 _si |
||
| 949 |
_bS _cTESBD _d-28474 _eTS1 _i16252 _si |
||
| 999 |
_c11760 _d11760 |
||